00311nam a2200133Ia 45000030006000000080041000060400015000471000015000622450026000772500011001032600034001145460012001480050017001600STCL150530s9999 xx 000 0 und d aSTCLcSTCL aMann, F.A. aLegal aspect of money aSecond bOxford University pressc1963 aEnglish20220125165650.0